000 00561nam a2200193Ia 4500
005 20250701164523.0
008 008 250505s9999 xx 000 0 eng d
037 _aTextual
040 _aEASL
_beng
_cEASL
041 _aeng
_2eng
084 _aW810bS.1, K7
_qEASL
100 _aWolfenstein E. Victor
_947125
245 0 _aRevolutionary personality : Lenin, Trotsky Gandhi
260 _aUSA
_bPrinceton Princeton University Press
_c1967
300 _a330p.
365 _b9.5
942 _cTEXL
_hW810bS.1, K7
999 _c1433354
_d1433354